000 00980cab a2200205 4500
001 ABS67395
008 040205n2004 000 0 eng u
035 _a(Sirsi) u125069
100 _aMahoney, C.
245 _aBuilding defects - what are the rest of the world's problems?
260 _c2004
490 _aRICS Building Surveying Faculty: The Journal
_v (9) January/February 2004, 12-13(2)
520 _aReports on the recent "Second CIB international symposium on building pathology, durability and rehabilitation" (ISBN 972491982X). Debates covered building failures, methods of detection and remedies. It was concluded that problems are replicated globally, with the exception of those relating to climate. Case studies included external algae growth on buildings and timber defects.
590 _aABS
650 _aBUILDING PATHOLOGY
650 _aDURABILITY
650 _aREHABILITATION
690 _aBUILDING AND CONSTRUCTION-DEFECTS AND FAILURES
942 _n0
999 _c74134
_d74134